| 000 | 01415nam a2200313 i 4500 | ||
|---|---|---|---|
| 003 | EG-GICUC | ||
| 005 | 20260430190818.0 | ||
| 008 | 260430s2016 ua ||||fr|||| 00| 0 ara d | ||
| 017 | _a2016/14601 | ||
| 040 |
_a EG-GICUC _bara _c EG-GICUC _d EG-GICUC _erda |
||
| 041 | 0 | _aara | |
| 082 | 0 | 4 |
_221 _a345.431 _bم ص . م |
| 092 | 0 | 4 | _221 |
| 099 | _aLaw1 07 345.431 م ص . م 2016 | ||
| 110 |
_aمصر _bمجلس الدولة _bالمكتب الفني |
||
| 240 | _a | ||
| 245 | 1 | 2 |
_aموسوعة المبادئ القانونية التى أقرتها الجمعية العمومية لقسمى الفتوى والتشريع : _bفى شأن العاملين المدنيين بالدولةمن عام 1946وحتى عام 2016. _nالكتاب الخامس : _pالأجر وملحقاته . _nالجزء الثالث : _p العلاوات / _cمجلس الدولة المكتب الفني. |
| 264 | 1 |
_aالجيزة : _bالمطبعة الأميرية ، _c2016. |
|
| 300 |
_a683 ؛ صفحة _c24 سم |
||
| 336 |
_2rda content _atext |
||
| 337 |
_2rda media _aComputer |
||
| 338 |
_2rda carrier _aOnline Resource |
||
| 546 | _aالنص باللغة العربية | ||
| 650 | 1 | 4 |
_aالقانون الإداري _2qrmak |
| 651 | 1 | _2qrmak | |
| 856 | 4 | 0 | _uhttps://fll.law.cu.edu.eg/fulltext/bks/B07-04207.pdf |
| 905 | _a47 | ||
| 942 |
_2ddc _cBK _e21 _n0 |
||
| 999 |
_c74571 _d74571 |
||